Statistics for Teams That Have Beaten Northern Illinois Since 2008 In College football

Click here to take the quiz!

General Stats

  • This quiz has been taken 45 times
  • The average score is 20 of 32

Answer Stats

DateBowl GameScoreTeam% Correct
11/21/2009-38-31Ohio
91%
11/24/2015-26-21Ohio
91%
9/18/2010-28-22Illinois
85%
10/1/2011-48-41Central Michigan
79%
10/11/2014-34-17Central Michigan
79%
11/12/2008-33-30Central Michigan
79%
10/3/2015-29-19Central Michigan
79%
11/27/2009-45-31Central Michigan
79%
10/17/2009-20-19Toledo
79%
9/6/2008-29-26Western Michigan
79%
12/6/20132013 Marathon MAC Championship Game47-27Bowling Green
76%
12/4/20152015 Marathon MAC Championship Game34-14Bowling Green
76%
9/5/2009-28-20Wisconsin
73%
9/17/2011-49-7Wisconsin
73%
9/1/2012-18-17Iowa
70%
11/5/2008-45-14Ball State
67%
12/3/20102010 MAC Championship Game26-21Miami
67%
9/19/2015-20-13Ohio State
64%
9/20/2014-52-14Arkansas
55%
9/4/2010-27-10Iowa State
55%
8/30/2008-31-27Minnesota
55%
9/10/2011-45-42Kansas
52%
10/4/2008-13-9Tennessee
52%
1/1/20132013 Discover Orange Bowl31-10Florida State
48%
12/23/20142014 Boca Raton Bowl52-23Marshall
48%
11/25/2008-16-0Navy
48%
12/23/20152015 San Diego County Credit Union Poinsettia Bowl55-7Boise State
45%
9/26/2015-17-14Boston College
39%
12/26/20132013 San Diego County Credit Union Poinsettia Bowl21-14Utah State
39%
12/28/20082008 Independence Bowl17-10Louisiana Tech
33%
9/26/2009-34-31Idaho
30%
1/2/20102010 International Bowl27-3USF
30%

Score Distribution

Percentile by Number Answered

Percent of People with Each Score

Your Score History

You have not taken this quiz